Music Quiz

Random Music or Song Quiz
Score 0/80 Timer 07:00
3 Plays Today
Hint Answer % Correct
The BeatlesI
97.1%
Backstreet BoysI
97.1%
James BrownI
97.1%
Barenaked LadiesI
97.1%
Bostona
90.4%
Beyoncéa
90.4%
James Brownyou
89.3%
Beckyou
89.3%
Beyoncéon
88.3%
Chuck BerryB.
88.2%
Backstreet Boysit
88%
Beyoncéit
88%
Pat Benatarwe
87.3%
The B-52'swe
87.3%
Pat Benatarto
85.6%
The Byrdsto
85.6%
Ben E. Kingthe
84.3%
James Brownso
84.2%
Beach Boysgood
84.2%
James Browngood,
84.2%
Backstreet Boysthat
78.8%
The Beatlesin
78.6%
Backstreet Boyswant
78.6%
The Beatlesyesterday
76.7%
Backstreet Boysway
76%
Ben E. Kingonly
76%
Ben E. Kingsee
75.4%
The B-52'scan
74.3%
The Beatlesbelieve
73.6%
The B-52'swhere
73%
Toni Braxtonoutta
71.6%
Ben E. Kinglight
71.6%
The B-52'sget
70.3%
The BeatlesOh,
70%
Beckme?
67.8%
Beyoncéput
67.4%
Beyoncéring
67.1%
The B-52'stogether
66.6%
Beastie Boysof
66.5%
Blink-182my
66.1%
Hint Answer % Correct
Toni Braxtonmy
66.1%
James Browngot
65.9%
Toni BraxtonAnd
65.1%
Chuck BerryJohnny
60.3%
Chuck BerryGoode
59.3%
Chuck Berryboy
58.3%
Beckwhy
58.1%
Beckdon't
57%
Toni Braxtonlife
54.9%
Blink-182she
53.4%
Chuck Berrynamed
52.8%
Beach BoysI'm
52.6%
Barenaked LadiesI'm
52.6%
Beckkill
52.4%
BostonIt's
51.5%
Bostonfeeling
50.8%
Bostonthan
49%
Bostonmore
48.8%
Ben E. Kingwe'll
48.5%
Toni Braxtonwalked
45.1%
Barenaked Ladiestill
44.8%
Pat Benatarstand
43.9%
Barenaked Ladiessay
41%
Pat BenatarHeartache
39.6%
Pat Benatarheartache
39.6%
Blink-182took
38.2%
Beach Boysvibrations
38%
Barenaked Ladiessorry
37.8%
Blink-182off
37.7%
The Byrdsevery
37.2%
Beastie Boysjerk
36.6%
Beastie Boyssome
36.3%
Blink-182pants
35.8%
Beastie Boyskind
34.8%
Beastie Boysyou're
32.1%
The Byrdsunder
31.5%
The ByrdsHeaven
30.8%
Beach Boysup
29.8%
The Byrdspurpose,
27.9%
Beach Boyspickin
24.3%
Remove Ads.
Support Sporcle.
Get the best of Sporcle when you Go Orange. This ad-free experience offers more features, more stats, and more fun while also helping to support Sporcle. Thank you for becoming a member.

You're not logged in!

Compare scores with friends on all Sporcle quizzes.
OR
Log In

Show Comments

Extras

Top Quizzes Today


Score Distribution

Your Account Isn't Verified!

In order to create a playlist on Sporcle, you need to verify the email address you used during registration. Go to your Sporcle Settings to finish the process.

Report this User

Report this user for behavior that violates our Community Guidelines.

Details: